000 00393nam a2200157Ia 4500
005 20250515013025.0
008 240331s9999 xx 000 0 und d
020 _a8123401620
082 _a301.7
_bSUB
100 _aSubramaniyan, K
245 0 _aSangakaala chamudhayam
260 _aChennai
_bNew Century House Pvt Ltd
_c1982
300 _a136 p .,
650 _aResearch Essays
942 _cL
999 _c1063
_d1063